| 000 | 00700nam a2200241 a 4500 | ||
|---|---|---|---|
| 001 | 3103 | ||
| 003 | CDMR | ||
| 005 | 20131217171134.0 | ||
| 008 | 130130s1974||||||||||||||||||||||||||||d | ||
| 020 | _a847175066X | ||
| 024 |
_2DL _aB38611974 |
||
| 040 |
_aCDMR _bcat _cCDMR |
||
| 100 | 1 |
_aGuerra, Antonio _92263 |
|
| 245 | 1 | 0 |
_aPeriodismo y purgatorio _cAntonio Guerra |
| 260 |
_aBarcelona _c1974 _bEdiciones 29 |
||
| 300 | _a282 p. | ||
| 490 | 0 |
_aLos Libros de Perogrullo _v16 |
|
| 600 | 1 |
_92263 _aGuerra, Antonio _xRecull d'escrits |
|
| 650 | 0 | 4 |
_93782 _aPeriodistes _xPràctica professional |
| 650 | 0 | 4 |
_93726 _aPeriodistes _zEspanya _zAndalusia |
| 650 | 0 | 4 |
_94252 _aArticles de diaris |
| 942 |
_cMON _2udc |
||
| 999 |
_c3103 _d3103 |
||